Detalles MARC
| 000 -LIDER |
| fixed length control field |
00927nam a2200289 a 4500 |
| 001 - NÚMERO DE CONTROL |
| Identificador de número de control |
00002356 |
| 003 - IDENTIFICACDOR DE NÚMERO DE CONTROL |
| control field |
DO-SdBNP |
| 005 - DATE AND TIME OF LATEST TRANSACTION |
| control field |
20171212121253.0 |
| 007 - CAMPOS FIJOS DE DESCRIPCIÓN FÍSICA |
| fixed length control field |
00002356 |
| 008 - ELEMENTOS DE LONGITUD FIJA |
| fixed length control field |
090819s1998 000 spa d |
| 020 ## - ISBN |
| International Standard Book Number |
8420743860 |
| 040 ## - FUENTE DE CATALOGACIÓN |
| Agencia que crea de manera original el registro |
BPMSU |
| Idioma de catalogación |
spa |
| Agencia que realiza la transcripción |
BPMSU |
| 082 ## - NÚMERO DE CLASIFICACIÓN DECIMAL DE DEWEY |
| Classification number |
813.4 |
| Item number |
T969a |
| 100 ## - ASIENTO PRINCIPAL -- NOMBRE PERSONAL |
| Nombre personal |
Twain, Mark, |
| Títulos u otras palabras asociadas con el nombre |
1835-1910. |
| 240 ## - TITULO UNIFORME |
| Título uniforme |
The adventures |
| Medio (Designación general de material) |
Español |
| 245 #4 - MENCIÓN DE TITULO |
| Título |
Las aventuras de Tom Sawyer / |
| Subtítulo |
|
| Mención de responsabilidad |
Mark Twain ; traducción Doris Rolfe ; apéndice y notas María Isabel Villarino ; ilustración True W. Williams. |
| 250 ## - MENCIÓN DE EDICION |
| Mención de edición |
5a. ed. |
| 260 ## - PUBLICACIÓN, DISTRIBUCIÓN, ETC. (PIE DE IMPRENTA) |
| Lugar de publicación, distribución, etc |
Madrid : |
| Nombre del editor, distribuidor, etc. |
Plan lector de educación, |
| Fecha de publicación, distribución, etc |
1998 |
| 300 ## - DESCRIPCIÓN FÍSICA |
| Extensión |
316 p. ; |
| Otros detalles físicos |
21 cm. |
| 490 ## - MENCIÓN DE SERIES |
| Mención de serie |
Tus libros |
| Volume/sequential designation |
|
| 700 ## - ASIENTO SECUNDARIO -- NOMBRE PERSONAL |
| Término de relación |
Chericián, David |
| Nombre personal |
pról. |
| 700 ## - ASIENTO SECUNDARIO -- NOMBRE PERSONAL |
| Término de relación |
Rolfe, Doris |
| Nombre personal |
tr. |
| 830 ## - ASIENTO SECUNDARIO DE SERIE--TÍTULO UNIFORME |
| Nombre de la parte o sección de una obra |
|
| Volume number/sequential designation |
118 |
| Título uniforme |
Tus libros |
| 942 ## - ADDED ENTRY ELEMENTS (KOHA) |
| Source of classification or shelving scheme |
Dewey Decimal Classification |
| Koha item type |
Libros |
| 945 ## - INFORMACIÓN DE PROCESAMIENTO LOCAL |
| Información de procesamiento local |
Inventariado extranjero 2017 / YL |
| 956 ## - LOCAL ELECTRONIC LOCATION AND ACCESS (OCLC) |
| Nombre de host |
VMATEO |
| Número de acceso |
10 |
| Información de compresión |
20160720 |
| Inicio de sesión |
BPMSU |
| Procesador de solicitud |
00069 |